000 00418nam a2200145Ia 4500
008 151021s9999 xx 000 0 und d
020 _a9.7800729671e+012
245 _a_Practical business math procedures Jeffrey Slater
260 _aUSA McGraw-Hill. 2006
300 _axv,537p;ill.
500 _aIncludes index
500 _aIncludes index
650 _a_business maths
980 _a^d20120809 11:52:38^oanne
999 _c12282
_d12282